000 00284nam a22001337a 4500
041 _aENG
100 _aBeckwith.T
245 _aMechanical Measurements
250 _aSixth Ed
260 _aDelhi
_bPearson Education
_c2007
300 _a783
650 _aFMP
856 _uFMP ( 04 )
999 _c1449
_d1449